Apokryphe Haftgründe - Erwartung einer hohen Strafe - Fluchtgefahr. Charakter der Straftat - Verdunkelungsgefahr

Gespeichert in:  
Bibliographische Detailangaben
1. VerfasserIn: Dahs, Hans 1935-2018 (Verfasst von)
Medienart: Druck Aufsatz
Sprache:Deutsch
Veröffentlicht: 1994
In: Prognoseentscheidungen in der strafrechtlichen Praxis
Jahr: 1994, Seiten: 281-291
Verfügbarkeit prüfen: HBZ Gateway
Schlagwörter:

MARC

LEADER 00000caa a22000002c 4500
001 1525877593
003 DE-627
005 20220604104740.0
007 tu
008 160223s1994 xx ||||| 00| ||ger c
020 |a 3789031755 
035 |a (DE-627)1525877593 
035 |a (DE-576)455877599 
035 |a (DE-599)BSZ455877599 
040 |a DE-627  |b ger  |c DE-627  |e rakwb 
041 |a ger 
100 1 |a Dahs, Hans  |d 1935-2018  |0 (DE-588)122685717  |0 (DE-627)082091609  |0 (DE-576)16066571X  |4 aut 
109 |a Dahs, Hans 1935-2018  |a Dahs, Hans jun. 1935-2018 
245 1 0 |a Apokryphe Haftgründe - Erwartung einer hohen Strafe - Fluchtgefahr. Charakter der Straftat - Verdunkelungsgefahr  |c Hans Dahs 
264 1 |c 1994 
336 |a Text  |b txt  |2 rdacontent 
337 |a ohne Hilfsmittel zu benutzen  |b n  |2 rdamedia 
338 |a Band  |b nc  |2 rdacarrier 
773 0 8 |i In  |t Prognoseentscheidungen in der strafrechtlichen Praxis  |b 1. Aufl.  |d Baden-Baden : Nomos-Verlagsgesellschaft, 1994  |g (1994), Seite 281-291  |h 521 S.  |w (DE-627)277332613  |w (DE-576)038520850  |z 3789031755  |7 nnam 
773 1 8 |g year:1994  |g pages:281-291 
935 |a mkri 
951 |a AR 
ELC |b 1 
LOK |0 000 xxxxxcx a22 zn 4500 
LOK |0 001 289934420X 
LOK |0 003 DE-627 
LOK |0 004 1525877593 
LOK |0 005 20260119142154 
LOK |0 008 160208||||||||||||||||ger||||||| 
LOK |0 040   |a DE-21-110  |c DE-627  |d DE-21-110 
LOK |0 689   |a s  |a Haftrecht 
LOK |0 689   |a s  |a Untersuchungshaftrecht 
LOK |0 689   |a s  |a Haftgründe 
LOK |0 689   |a s  |a Apokryphe Haftgründe 
LOK |0 852   |a DE-21-110 
LOK |0 852 1  |m p  |9 00 
LOK |0 935   |a k110 
LOK |0 938   |k p 
LOK |0 939   |a 08-02-16  |b l01 
ORI |a SA-MARC-krimdoka001.raw